000 01202cam a22003495a 4500
001 13847967
003 OSt
005 20140310182345.0
008 050121s2005 nyu 000 0 eng
010 _a 2005920890
020 _a9782894295885
040 _aDLC
_cDLC
_dDLC
042 _apcc
050 _aPR 5318
_b.Sc425 1992
082 _aGS
_bSco8i 1994
100 1 _aScott, Sir Walter.
_93602
245 1 0 _aIvanhoe /
_cWalter Scott,
260 _aMontreal, Canada :
_bTarmont Publications Inc,
_cc1992.
300 _a47 p. :
_bcol. ill, ;
_c29 cm.
440 0 _aBarnes & Noble classics
_92903
541 _j1
562 _e1
650 _aAdventure and adventures
_94244
650 _aAdenture stories
_921087
650 _aCourage
_xFiction
_921919
856 4 2 _3Contributor biographical information
_uhttp://www.loc.gov/catdir/enhancements/fy0711/2005920890-b.html
856 4 2 _3Publisher description
_uhttp://www.loc.gov/catdir/enhancements/fy0711/2005920890-d.html
856 4 1 _3Sample text
_uhttp://www.loc.gov/catdir/enhancements/fy0711/2005920890-s.html
906 _a0
_bibc
_corignew
_d2
_eepcn
_f20
_gy-gencatlg
942 _2lcc
_cBK-GS
999 _c12211
_d12211